| 000 | 01806nam0a2200349 4500 | ||
|---|---|---|---|
| 001 | RU\NLR\bibl\916017 | ||
| 005 | 20260406045859.0 | ||
| 021 |
_aRU _b2005-85453 _94232 |
||
| 035 | _a(nilc)RSL-KNO-002808778 | ||
| 035 | _a(NLR Aleph) 000904323 | ||
| 090 |
_a11172 _c11172 |
||
| 100 | _a20051226d2005 |||y0rusy50 ca | ||
| 101 | 0 | _arus | |
| 102 | _aRU | ||
| 105 | _aa ||||||||| | ||
| 106 | _ar | ||
| 200 | 1 |
_aБиплан Фармана. Реконструктивное проектирование по Российским первоисточникам, 1910-1918 гг. _eчертежи и описание _fГ. В. Галли _gОбъед. музей С.-Петерб. гос. ун-та гражд. авиации и ФГУАП "Пулково" |
|
| 210 |
_aСПб. _cОбъед. музей СПбГУ ГА и ФГУАП "Пулково" _d2005 _gТип. СПбГУ ГА |
||
| 215 |
_a136 с. _cил. _d29 |
||
| 300 | _aПосвящается 100-летию перелета "Петербург-Москва" (10 июля 2011 г.) | ||
| 320 | _aБиблиогр. в тексте | ||
| 606 | 1 |
_a"Фарман-4", бипланы _92088610 _3RU\NLR\auth\661264391 |
|
| 610 | 0 | _aТранспорт -- Воздушный транспорт -- Авиация -- Самолёты -- Самолёты по количеству несущих плоскостей -- Бипланы -- Проектирование -- Пособие для специалистов | |
| 686 |
_aО532-02,07 _2rubbk |
||
| 686 | _aО532 | ||
| 700 | 1 |
_4070 _8rus _7ca _aГалли _bГ. В. _gГеоргий Владимирович _3RU\NLR\auth\775480 _9115444 |
|
| 801 | 0 |
_aRU _bРКП _c20051226 _grcr |
|
| 801 | 1 |
_aRU _bРГБ _c20051226 |
|
| 801 | 2 |
_aRU _bNLR _c20060314 _grcr |
|
| 942 | _cBOOK | ||
| 980 | _aNB | ||